LotR: Gollums Song - Statistics

General Stats
  • This quiz has been taken 29 times
    11 since last reset
  • The average score is 19 of 27
Answer Stats
Answer % Correct
For all the {lies} you told us
90%
These tears you {cry}
90%
Are falling {rain}
80%
Now {darkness} falls
80%
These {tears} we cry
80%
Where once was {light},
80%
And we will {weep} to be so alone
70%
And you will {weep}
70%
Don't say {goodbye}
70%
Don't say I didn't {try}
70%
Have come too {late}
70%
{Love} is no more
70%
No {loyal} friend,
70%
Now we say {goodbye}
70%
Take back the {lies}
70%
The hurt, the {blame}!
70%
The {hurt}, the blame!
70%
Was ever there for {me}
70%
We are {lost},
70%
We can never go {home}
70%
We say you didn't {try}
70%
When you face the end {alone}
70%
Where once was {love},
70%
You are {lost}
70%
You can never go {home}.
70%
I'll be what I will {be}
60%
So in the {end}
50%
No matching quizzes found
Score Distribution
Percent of People with Each Score
Percentile by Number Answered
Your Score History
You have not taken this quiz since the last reset